[Event "Schaffhausen op"]
[Site "Schaffhausen"]
[Date "2022.03.20"]
[Round "5"]
[White "Mata, Adilson"]
[Black "Corfield, Zoe"]
[Result "1-0"]
[WhiteElo "1923"]
[BlackElo "1602"]
[PlyCount "53"]
[EventDate "2022.03.18"]
[EventType "swiss"]
[EventRounds "5"]
[EventCountry "SUI"]
[SourceTitle "CBM 207 Extra"]
[Source "ChessBase"]
[SourceDate "2022.05.31"]
[SourceVersion "1"]
[SourceVersionDate "2022.05.31"]
[SourceQuality "1"]

1. e4 d6 2. d4 Nf6 3. Nc3 Nbd7 4. f4 e5 5. Nf3 exd4 6. Qxd4 c6 7. Be3 d5 8. e5 Ng4 9. Bg1 Bc5 10. Qd2 Bxg1 11. Rxg1 Qb6 12. 0-0-0 Nxh2 13. Be2 Ng4 14. Nd4 Nc5 15. e6 h5 16. exf7+ Kxf7 17. Nf3 Re8 18. Ne5+ Kg8 19. Rh1 Nxe5 20. fxe5 Rxe5 21. Qf4 Rxe2 22. Nxe2 Bg4 23. Rdf1 Bxe2 24. Qf7+ Kh8 25. Rxh5+ Bxh5 26. Qxh5+ Kg8 27. Qf7+ 1-0

[Event "Vaujany op-B 8th"]
[Site "Vaujany"]
[Date "2017.07.17"]
[Round "5.8"]
[White "Corfield, Zoe"]
[Black "Kim, Yun Seo"]
[Result "0-1"]
[WhiteElo "1694"]
[BlackElo "1763"]
[PlyCount "88"]
[EventDate "2017.07.13"]
[EventType "swiss"]
[EventRounds "9"]
[EventCountry "FRA"]
[SourceTitle "EXT 2020"]
[Source "ChessBase"]
[SourceDate "2019.10.17"]
[SourceVersion "1"]
[SourceVersionDate "2019.10.17"]
[SourceQuality "1"]

1. e4 c5 2. Nf3 e6 3. c3 d5 4. exd5 Qxd5 5. Bb5+ Bd7 6. Bxd7+ Qxd7 7. 0-0 Nc6 8. Na3 Nf6 9. Nc4 Be7 10. Nce5 Nxe5 11. Nxe5 Qd5 12. Qa4+ Nd7 13. Re1 Bf6 14. Ng4 0-0 15. Nxf6+ Nxf6 16. Qf4 Rad8 17. b4 c4 18. a4 Rfe8 19. h3 e5 20. Qe3 a6 21. a5 e4 22. Rb1 Qd3 23. Rb2 Nd5 24. Qg5 f6 25. Qg4 Nc7 26. Re3 Qd7 27. Qh4 Qf5 28. Rc2 Nd5 29. Re2 Nf4 30. Re3 Nd3 31. Ba3 g5 32. Qg3 Qf4 33. h4 Qxg3 34. Rxg3 h6 35. hxg5 hxg5 36. Ra2 Re5 37. f3 exf3 38. Rxf3 Re1+ 39. Kh2 Ne5 40. Rg3 Kf7 41. b5 axb5 42. Bc5 Rd1 43. Bd4 b4 44. Rb2 b3 0-1